LEADER 01297nam0-2200433---450- 001 990009104560403321 005 20160908090403.0 010 $a978-88-386-6326-0 035 $a000910456 035 $aFED01000910456 035 $a(Aleph)000910456FED01 035 $a000910456 100 $a20091015d2007----km-y0itay50------ba 101 0 $aita 102 $aIT 105 $a--------001yy 200 1 $aReti di telecomunicazione$enetworking e internet$fAchille Pattavina 205 $a2. ed. 210 $aMilano$cMcGraw-Hill$d©2007 215 $aXV, 640 p.$cill.$d27 cm 225 1 $aCollana di istruzione scientifica$iSerie di telecomunicazioni 610 0 $aReti telematiche 676 $a621.3821 700 1$aPattavina,$bAchille$067393 801 0$aIT$bUNINA$gRICA$2UNIMARC 901 $aBK 912 $a990009104560403321 952 $a10 E II 661$bBIBLIODIETI 2/2015$fDINEL 952 $a10 E II 661B$bBIBLIODIETI109/2016$fDINEL 952 $a10 E II 661C$bBIBLIODIETI110/2016$fDINEL 952 $a23 04 F 09$b16498$fFINAG 952 $a23 04 F 10$b16497$fFINAG 952 $a13 H 54 11$b16457$fFINBC 952 $a13 61 31$b16456$fFINBC 959 $aFINAG 959 $aFINBC 959 $aDINEL 996 $aReti di telecomunicazione$9231618 997 $aUNINA LEADER 01188nam0 22002771i 450 001 UON00090417 005 20231205102507.641 100 $a20020107d1978 |0itac50 ba 101 $amul 102 $aIT 105 $a|||| ||||| 200 1 $aEtudes de numismatique danubienne$eTrésor, lingots, imitations, monnaies de fouilles IVe au XIIe siècle$fpar G. Brenot et al 210 $aRome$cEcole Francaise$d1978 215 $aviii, 205 p.$ctav.$d28 cm 461 1$1001UON00087493$12001 $aSirmium$1207 $a1(1971)- $1210 $aBeograd$cVladislav Popovic$d1971- $1215 $a v.$d30 cm$v08 606 $aNUMISMATICA$xEuropa Centrale$3UONC027356$2FI 620 $aIT$dRoma$3UONL000004 686 $aJ$cNUMISMATICA$2A 700 1$aBRENOT$bC.$3UONV057799$0663102 712 $aEcole Française de Rome$3UONV259989$4650 801 $aIT$bSOL$c20240220$gRICA 899 $aSIBA - SISTEMA BIBLIOTECARIO DI ATENEO$2UONSI 912 $aUON00090417 950 $aSIBA - SISTEMA BIBLIOTECARIO DI ATENEO$dSI J 145 $eSI MC 16957 5 996 $aEtudes de numismatique danubienne$91304731 997 $aUNIOR